00685 2200193 4500245008600000020002300086250001100109700001600120700001800136700001800154650003600172005001900208260003300227041001400260084000800274500014600282490005400428336000900482 aSejarah Dunia Volume 3 (Renaisans, Perdagangan dan Kekaisaran)cY. AgustonohText a978-979-3535-418-8 aCet. 2 aY. Agustono aReny Abarwati aNino Oktorino aEnsiklopedia Sejarah Dan Budaya a20231124095246 aJakartabLENTERA ABADIc2009 aIndonesia a903 aDaftar Isi : Renaisans (Sekilas Dunia, Orang Aztec, Imperium Inca) Perdagangan dan Kekaisaran (Sekilas Dunia, Isolasi Jepang, DInasti Stuart) aEnsiklopedia Sejarah Dan Budaya : Sejarah Dunia 3 atext